Quiz wiedzy ogólnej o skokach narciarskich #3 - Statystyki

Ogólne statystyki
  • Ten quiz został rozwiązany 47 razy
  • Średni wynik to 9 z 15
Statystyki odpowiedzi
Zagadnienie Odpowiedź % Poprawnych
Jaka jest największa skocznia narciarska w Norwegii? {Vikersundbakken}(K200)
83%
Kto jest rekordzistą Bułgarii w skoku narciarskim? {Vladimir Zografski}(214,0m)
80%
Kto jest rekordzistą Estonii w skoku narciarskim? {Artti Aigro}(228,0m)
74%
Jedyny reprezentant Turcji, który zdobył punkty w Pucharze Świata Fatih Adra Ipcioglu
74%
Kto jest rekordzistą Włoch w skoku narciarskim? {Alex Insam}(232,5m)
71%
Kto jest rekordzistą Ukrainy w skoku narciarskim? {Yevhen Marusiak}(228,5m)
71%
Jaka jest największa skocznia narciarska w Austrii? {Kulm}(K200)
69%
Kto jest rekordzistą Kanady w skoku narciarskim? {Mackenzie Boyd-Clowes}(224,0m)
69%
Kto jest rekordzistą Czech w skoku narciarskim? {Antonín Hájek}(236,0m)
66%
Kto jest rekordzistą Finlandii w skoku narciarskim? {Janne Happonen}(240,0m)
66%
Najwięcej miejsc na podium z rzędu w konkursach PŚ {Janne Ahonen}(13 razy)
57%
Pierwszy skoczek, który przekroczył granicę 200 metrów Toni Nieminen
31%
W jakiej miejscowości rozegrano pierwsze zwody PŚ w skokach narciarskich Cortina d’Ampezzo
20%
Kto jest rekordzistą Wielkiej Brytanii w skoku narciarskim? {Sam Bolton}(134,5m)
17%
Największa skocznia narciarska jaka kieykolwiek powstała(nie oddano na niej żadnego skoku) Bernhard Rupitsch Pionier-Schanze w Heiligenblut am Großglockner
9%
Nie znaleziono quizów pasujących do podanych kryteriów
Rozkład punktacji
Procent ludzi z każdym wynikiem
Percentyl według liczby udzielonych odpowiedzi
Twoja historia wyników
Nie rozwiązałeś tego quizu